| 000 | 00683nam a2200241 a 4500 | ||
|---|---|---|---|
| 001 | BRCA_7789 | ||
| 005 | 20190320210008.0 | ||
| 008 | 011013s1958----nyua######---#000-0#eng-# | ||
| 041 | _aeng | ||
| 044 | _anyu | ||
| 050 | 4 |
_aN1080 _b.R68 1958 |
|
| 100 | 1 |
_aRothenstein, John _cSir _919295 |
|
| 245 | 1 | 0 |
_aThe Tate Gallery _cSir John Rothenstein. |
| 260 |
_aEstados Unidos _bAbrams _c1958 |
||
| 300 |
_a192 p. _bil. (algunas a color), 197 láminas _c33 cm. |
||
| 500 | _aX42 | ||
| 610 | 2 | 4 |
_aTate Gallery (Londres) _917277 |
| 650 | 1 | 4 |
_aArte _zLondres _99372 |
| 650 | 1 | 4 |
_aGalerías y museos _zInglaterra _919296 |
| 650 | 1 | 4 |
_aArte _vCatálogos _94925 |
| 902 | _aGFM | ||
| 942 |
_2lcc _cB |
||
| 999 |
_c7463 _d7463 |
||